A romantika-kutatás legújabb fejleményei

Elmentve itt :
Bibliográfiai részletek
Szerző: Merényi Annamária
Dokumentumtípus: Cikk
Megjelent: 2003
Sorozat:Iskolakultúra 13 No. 4
Online Access:http://misc.bibl.u-szeged.hu/39754
LEADER 00579nab a2200169 i 4500
001 misc39754
005 20191106140816.0
008 180709s2003 hu o 0|| zxx d
022 |a 1215-5233 
040 |a SZTE Miscellanea Repozitórium  |b hun 
041 |a zxx 
100 1 |a Merényi Annamária 
245 1 2 |a A romantika-kutatás legújabb fejleményei  |h [elektronikus dokumentum] /  |c  Merényi Annamária 
260 |c 2003 
300 |a 126-128 
490 0 |a Iskolakultúra  |v 13 No. 4 
856 4 0 |u http://misc.bibl.u-szeged.hu/39754/1/EPA00011_iskolakultura_2003_04_126-128.pdf  |z Dokumentum-elérés